000 00621nam a22002177a 4500
003 UA-OsUOA
001 118747
007 ta
008 20160914b un ||||| |||| 00| 0 ukr d
100 _aКозленко Р.О.
090 _a902
_bК59
942 _cSA
040 _aUA-OsUOA
_bukr
_cUA-OsUOA
_dUA-OsUOA
245 _aРимські форти на території Ольвійської держави
300 _aС.78-88
955 _a0
041 _aukr
080 _a902
773 0 _w118740
_tАрхеологія
_dК.
_d2016
_g2
650 7 _a9 Географія. Біографії. Історія
_2UDC
999 _c404856
_d404856